000 00481cam a22001337a 4500
008 180718b1960 xxu||||| |||| 00| 0 eng d
082 _aZ442x5461 K527
100 _aKhan, Q.U.
245 _aRural credit and co-operation: the Jamia development circle in 1957-58
_cby Q.U. Khan
260 _aNew Delhi
_bJamia Institute of Agricultural Economics and Rural Sociology
_c1960
300 _a112p.
650 _aCooperation - India - Delhi
650 _aAgricultural credit - India - Delhi
999 _c369132
_d369132